000 00356nam a22001577a 4500
003 SGT
020 _a9788120340077
082 _a005.1,COR
100 _aCORMEN,THOMAS,H.
245 _aINTRODUCTION TO ALGORITHMS
250 _a3RD
260 _aNEW DELHI
_bPHI LEARNING
_c2021
300 _a1292
650 _aCOMPUTER SCIENCE
942 _2ddc
_cBK
_05
999 _c21081
_d21081